书目信息 |
| 题名: |
多维度的太湖流域水环境治理绩效评价体系研究
|
|
| 作者: | 徐缇 , 高爽 , 胡惠良 主编 | |
| 分册: | ||
| 出版信息: | 北京 中国环境出版集团 2020.03 |
|
| 页数: | 229页 | |
| 开本: | 26cm | |
| 丛书名: | ||
| 单 册: | ||
| 中图分类: | X143 | |
| 科图分类: | ||
| 主题词: | ||
| 电子资源: | ||
| ISBN: | 978-7-5111-4316-7 | |
| 000 | 01281nam0 2200277 450 | |
| 001 | 0100015713 | |
| 005 | 20201024210217.0 | |
| 010 | @a978-7-5111-4316-7@dCNY60.00 | |
| 100 | @a20200610d2020 em y0chiy50 ea | |
| 101 | 0 | @achi |
| 102 | @aCN@b110000 | |
| 105 | @aak a 000yy | |
| 106 | @ar | |
| 200 | 1 | @a多维度的太湖流域水环境治理绩效评价体系研究@Aduo wei du de tai hu liu yu shui huan jing zhi li ji xiao ping jia ti xi yan jiu@d= Multi-dimensional study on the performance evalutation system of water environment treatment in taihu lake basin@f徐缇, 高爽, 胡惠良主编@zeng |
| 210 | @a北京@c中国环境出版集团@d2020.03 | |
| 215 | @a229页@c图@d26cm | |
| 320 | @a有书目 (第225-229页) | |
| 330 | @a本文以太湖流域为例, 全面分析太湖治理专项资金项目绩效评估体系现状、取得的经验和存在的问题。内容包括: 太湖流域水环境治理历程及成效 ; 太湖治理专项资金项目管理及绩效评估历程等。 | |
| 510 | 1 | @aMulti-dimensional study on the performance evalutation system of water environment treatment in taihu lake basin@zeng |
| 607 | @a太湖@Atai hu@x流域@x水环境@x综合治理@x评价@x研究 | |
| 690 | @aX143@v5 | |
| 701 | 0 | @a徐缇@Axu ti@4主编 |
| 701 | 0 | @a高爽@Agao shuang@4主编 |
| 701 | 0 | @a胡惠良@Ahu hui liang@4主编 |
| 801 | 0 | @aCN@c20200610 |
| 905 | @a河南城建学院图书馆@dX143@f1@eX813 | |
| 多维度的太湖流域水环境治理绩效评价体系研究= Multi-dimensional study on the performance evalutation system of water environment treatment in taihu lake basin/徐缇, 高爽, 胡惠良主编.-北京:中国环境出版集团,2020.03 |
| 229页:图;26cm |
| ISBN 978-7-5111-4316-7:CNY60.00 |
| 本文以太湖流域为例, 全面分析太湖治理专项资金项目绩效评估体系现状、取得的经验和存在的问题。内容包括: 太湖流域水环境治理历程及成效 ; 太湖治理专项资金项目管理及绩效评估历程等。 |
| ● |
| 相关链接 |
|
|
|
正题名:多维度的太湖流域水环境治理绩效评价体系研
索取号:X143/X813
 
预约/预借
| 序号 | 登录号 | 条形码 | 馆藏地/架位号 | 状态 | 备注 |
| 1 | 1496513 | 214965135 | 自科库501/501自科库 62排5列3层/ [索取号:X143/X813] | 在馆 |